000 00865cab a2200277 4500
001 ABS53900
008 090401t1995 xxu||||| |||| 00| 0 eng d
035 _a(Sirsi) u7266
041 _aeng
100 _aSmith, K.
245 2 _aA tube ride to utopia
260 _c1995
350 _a0
490 _aConstruction News
_v(6440) 9 November 1995, 21(1)
520 _aConsiders the partnering project between TBV surveying and London Underground to set up a database of survey information, surveying the buildings and structures on the Northern Line.
650 _aCOMPUTER DATABASE
650 _aLONDON UNDERGROUND
650 _aNORTHERN LINE
650 _aPARTNERING
650 _aSOFTWARE
650 _aTBV SURVEYING
690 _aBUILT ENVIRONMENT-BUILDING INSPECTION
690 _aProject management
_96261
942 _n0
948 _c04/03/1997
999 _c4368
_d4368